00378nam a2200121Ia 4500008004100000082001900041100002800060245006500088260004200153300001000195630001800205650003300223211109s9999||||xx |||||||||||||| ||und|| a941.062bGAR-C aGardiner, Samuel Rawson 0aConstitutional Documents of the Puritan Revolution 1625-1660 bOxford University PressaBombayc1916 a285p. xGeneral Stack aEuropeWorld HistoryxHistory